000 00356nam a2200133Ia 4500
008 150202s9999 xx 000 0 und d
020 _a10551668009
050 _aFIC
_bFIC
100 _aMacomber, Debbie.
245 _aAlways Dakota /
_cDebbie Macomber.
260 _aCanada :
_bMira Books,
_c2000.
300 _a378 pages :
_c18 cm.
650 _aFiction.
999 _c282207
_d282207